000 00218 a2200097 4500
001 41409
100 _aThesaurus,
245 _aChambers 20th century thesaurus
260 _aLondon
_bChambers
_c
090 _c25585
_d25585
942 _aNUST-CAE
_cM
_c17319
999 _c276482
_d276482